00839nam a22002417a 450000500170000001000130001702000230003003500130005303700170006604000120008308200130009524501300010826000410023827000380027930000200031750000200033765000220035765000270037970000260040694200220043299900190045495201240047320170124110257.0 aA-646012 c200.00a8185487049 aA-646012 bCen Lib/ Ret aDPLbEN a360bSTA aState of the world 1992 :cedited by Linda Starke b a worldwatch institute report on progress toward a sustainable society / aNew DelhibHorizon India Booksc1992 aA-12, Sujan Singh ParkbNew Delhi a256p.c20cm(Hb) aIncludes index. aSocial Work91156 aSocial Science9140815 aStarke, Linda9140816 2ddccENh360mSTA c136295d136295 00104070aLbLd2016-03-19eCen Lib/Retg200.00l0o360 STApA-646012r2016-03-19 00:00:00t1v200.00w2016-03-19yEN